000 00790nam a22002417a 4500
003 DO-SdBNP
005 20220708114650.0
007 ta
008 220708b2003 |||acdo| |||| 001 0 spa d
040 _aDO-SdBNP
_bspa
_cBNPHU
082 4 _222
_a616.998
_bB674m
100 1 0 _aBogaert Díaz, Humberto.
_920057
245 1 0 _aManual de lepra /
_cHuberto Bogaert Díaz, Zino Castellazzi ; prólogo José Barba Rubio
260 _aSanto Domingo :
_bInstituto Dermatológico Dominicano,
_c1993.
300 _a90 p.:
_bil.; retrs;fot.
_c23 cm.
504 _aBibliografía: p. 89-90.
590 _aInventariado, 2022 / SA
650 4 _aLepra
_931090
650 4 _aLepra
_vManual
_981974
700 1 _aCastellazzi, Zino.
_981972
700 1 _aBarba Rubio, José
_epról.
_981973
942 _2ddc
_cLBS1
999 _c52164
_d52164